Visualizzazione normale
Vista MARC
- Fruggeri Laura
di Personal Name
Records bibliografici associati: 3
001 - CONTROL NUMBER
- control field: 56429
003 - CONTROL NUMBER IDENTIFIER
- control field: IT-RoPau
005 - DATE AND TIME OF LATEST TRANSACTION
- control field: 20170428123529.0
008 - FIXED-LENGTH DATA ELEMENTS
- fixed length control field: 170428|| aca||aabn | a|a d
040 ## - CATALOGING SOURCE
- Original cataloging agency: IT-RoPau
- Transcribing agency: IT-RoPau
100 ## - HEADING--PERSONAL NAME
- Personal name: Fruggeri Laura
670 ## - SOURCE DATA FOUND
- Source citation: Work cat.: (IT-RoPau): Fruggeri Laura, Il contributo della Process Resarch agli sviluppi futuri della terapia familiare, 2015